| 000 | 00536nam a2200193 a 4500 | ||
|---|---|---|---|
| 001 | 3592 | ||
| 005 | 20140414132031.0 | ||
| 008 | 040603s19uu xx 00 eng d | ||
| 020 | _a0-689-71343-6 | ||
| 050 |
_aTR _bON1 1961 |
||
| 100 | _aBrown, Marcia | ||
| 245 |
_aOnce a mouse... : _ba fable cut in wood from ancient India / _cby Marcia Brown. |
||
| 260 |
_aNew York : _bAladdin Paperbacks, _c1961. |
||
| 300 | _a1 v. (unp.) : ill. ; cm. | ||
| 500 | _aTR/PS | ||
| 650 | _aFables. | ||
| 650 |
_aFolklore _xIndia. |
||
| 999 |
_c113624 _d113624 |
||